Open Data Biblioteca Nacional de Portugal


República Portuguesa: Ministério da Cultura
Biblioteca Nacional de Portugal

Catálogo da BNP: acesso por Identificadores Unívocos
Registos Bibliográficos associados ao registo de autoridade

Etiqueta de registo: 00254nam 2200025 450
001 2220221
003 http://id.bnportugal.gov.pt/bib/catbnp/2220221
010 ## $a978-989-9243-05-7
021 ## $aPT$b541894/25
100 ## $a20250715d2025 m y0pory01030103ba
101 0# $apor
102 ## $aPT
105 ## $ay z 000zy
106 ## $ar
200 1# $a Os salatinas$eCoimbra da saudade$fRafael Vieira
210 #9 $aLisboa$cFundação Francisco Manuel dos Santos,$d2025
215 ## $a103, [6] p.$d20 cm$e1 postal
225 2# $aRetratos da fundação
675 ## $a711.5-054.4(469.322)"19"(091)$vBN$zpor$31960967
675 ## $a314.74(469.322)"19"(091)$vBN$zpor$31960973
675 ## $a821.134.3-94"20"$vBN$zpor$31565850
700 #1 $aVieira,$bRafael$f1979-$31960622
801 #0 $aPT$bBN$gRPC
856 41 $uhttp://rnod.bnportugal.gov.pt/ImagesBN/winlibimg.aspx?skey=&doc=2220221&img=209833&save=true
900 ## $aBIBNAC$d20250725
966 ## $lBN$mFGMON$sB.A. 12470 P.$x1
966 ## $lBN$mFGMON$sB.A. 12470 P.-D$x1
971 ## $crsoares$d20250715
972 ## $e0$z0$d20250725$vlrevez
973 ## $ctrodrigues$d20250717

Etiqueta de registo: 00254nam 2200025 450
001 2284442
003 http://id.bnportugal.gov.pt/bib/catbnp/2284442
010 ## $a978-989-8304-73-5
021 ## $aPT$b490245/21
100 ## $a20260415d2021 m y0pory01030103ba
101 0# $apor
102 ## $aPT
105 ## $aa z 000yy
106 ## $ar
200 1# $aSem dor, somos livres de sentir e pensar$fAna Moderno, Marta Duarte, Rafael Vieira$gil. Bruno Gaspar$gcoord. téc. Cátia Azevedo... [et al.]
210 #9 $aPorto$cEAPN - Rede Europeia Anti-Pobreza,$d2021
215 ## $a79 p.$cil.$d23 cm
700 #1 $aModerno,$bAna,$f1977-$31804546
701 #1 $aDuarte,$bMarta,$f1978-$4070$31802614
701 #1 $aVieira,$bRafael$f1979-$4070$31960622
702 #1 $aGaspar,$bBruno,$f1979-$4440$31325463
702 #1 $aAzevedo,$bCátia$4340$31696371
801 #0 $aPT$bBN$gRPC
966 ## $lBN$mFGMON$x1
971 ## $cisantos$d20260415

OpendataBNP@bnportugal.pt | Mais informação sobre acesso aos dados BNP